Růst prostřednictvím aliancí
Aliancie ako nástroj rastu firmy. Spôsoby budovania aliancií: aliancia pre rast v kľúčovom odbore podnikania firmy, aliancia pre rast prostredníctvom diverzifikácie naväzujúcej na schopnosti firmy, aliancia pre vytvorenie nového odvetvia. Oblasti, na ktoré je potrebné sa sústrediť pri zakladaní alia...
Salvato in:
| Autore principale: | |
|---|---|
| Altri autori: | |
| Natura: | Capitolo di libro |
| Lingua: | ceco |
| Soggetti: | |
| Tags: |
Nessun Tag, puoi essere il primo ad aggiungerne!!
|
MARC
| LEADER | 00000naa$a2200000$$$4500 | ||
|---|---|---|---|
| 001 | 0054882 | ||
| 005 | 20231128135053.2 | ||
| 041 | 0 | |a cze | |
| 044 | |a CZ | ||
| 245 | 1 | 0 | |a Růst prostřednictvím aliancí |c Ch. Lechner, N. B. Gesing |
| 520 | |a Aliancie ako nástroj rastu firmy. Spôsoby budovania aliancií: aliancia pre rast v kľúčovom odbore podnikania firmy, aliancia pre rast prostredníctvom diverzifikácie naväzujúcej na schopnosti firmy, aliancia pre vytvorenie nového odvetvia. Oblasti, na ktoré je potrebné sa sústrediť pri zakladaní aliancií. Príklady úspešných aliancií firiem. | ||
| 610 | 2 | 0 | |a firmy |
| 610 | 2 | 0 | |a podnikanie |
| 610 | 2 | 0 | |a aliancie strategické |
| 610 | 2 | 0 | |a kooperácia |
| 610 | 2 | 0 | |a rast hospodársky |
| 610 | 2 | 0 | |a rozvoj podniku |
| 610 | 2 | 0 | |a trh |
| 610 | 2 | 0 | |a zisk |
| 100 | 1 | |a Lechner, Ch. | |
| 700 | 1 | |a Gesing, N. B. | |